Statistics for Ends in "-ig"

Click here to take the quiz!

General Stats

  • This quiz has been taken 36 times
    (32 since last reset)
  • The average score is 14 of 25

Answer Stats

HintAnswer% Correct
"Seedy" fruit used in certain cookies and puddingsFig
97%
A lively dance a sailor might break into, perhaps inspired by said bottle of rumJig
97%
Zag's contrary partnerZig
97%
1988 Penny Marshall film featuring Zoltar, the Fortune TellerBig
87%
The two-masted ship to which the Captain returns and/or the cell where an inebriated sailor may spend the nightBrig
83%
James Monroe is said to be the last sitting US president to sport one of these high status accessoriesPowdered Wig
83%
What an old-time sailor might take from a bottle of rumSwig
83%
A piece of a plant or treeTwig
80%
You can do this to a ship, but you should never do it to an electionRig
77%
"Like, groovy, man. Far out!" Understand?Dig
73%
Aircraft company founded by Comrades Mikoyan and GurevichMiG
70%
Petunia's maiden namePig
67%
Academic shorthand for the study of trianglesTrig (Trigonometry)
60%
Political party of four U.S. presidents (Great Britain had some too!)Whig
60%
Self-righteous fussbudgetPrig
47%
Gdańsk, formerlyDanzig
43%
"Pinchy" insect of the order DermapteraEarwig
43%
Arc welding process that relies on Element WTIG (Tungsten Inert Gas)
43%
Hearing the commotion onboard, the Captain calls for this boat to return him from the jetty to his shipGig
33%
The fee your bookie charges for accepting your wagerVig
27%
Doohickey, dingus, whatchamacallitThingamajig
20%
A piece of a plant or treeSprig
13%
Popular home coffee makerKeurig
10%
Rubenesque and/or voluptuousZaftig
10%
Spinning lawn ornament, or a pinwheelWhirligig
3%

Score Distribution

Percentile by Number Answered

Percent of People with Each Score

Your Score History

You have not taken this quiz since the last reset